[Event "Hastings Masters"]
[Site "Hastings, England"]
[Date "2014.12.31"
[Round "3.11"]
[White "Hunt, Adam C"]
[WhiteElo "2437"]
[Black "Cafferty, Bernard"]
[BlackElo "2095"]
[Result "1-0"]

1. e4 {[%clk 1:41:08]} Nf6 {[%clk 1:40:38]} 2. e5 {[%clk 1:41:08]} Nd5
{[%clk 1:41:01]} 3. d4 {[%clk 1:41:31]} d6 {[%clk 1:41:24]} 4. Nf3
{[%clk 1:41:41]} Bg4 {[%clk 1:41:15]} 5. Be2 {[%clk 1:41:13]} e6 6. O-O
{[%clk 1:40:02]} Nd7 {[%clk 1:40:39]} 7. c4 {[%clk 1:38:14]} N5b6
{[%clk 1:40:21]} 8. exd6 {[%clk 1:37:28]} cxd6 {[%clk 1:40:30]} 9. b3
{[%clk 1:37:08]} Be7 {[%clk 1:40:03]} 10. Nc3 {[%clk 1:37:11]} O-O
{[%clk 1:39:44]} 11. Be3 {[%clk 1:36:23]} Nf6 {[%clk 1:36:16]} 12. Rc1
{[%clk 1:36:09]} h6 {[%clk 1:32:52]} 13. Re1 {[%clk 1:34:18]} Nbd7
{[%clk 1:28:02]} 14. h3 {[%clk 1:27:18]} Bh5 {[%clk 1:22:49]} 15. Bf4
{[%clk 1:23:35]} a6 {[%clk 1:18:09]} 16. Bd3 {[%clk 1:12:20]} Bxf3
{[%clk 1:04:58]} 17. Qxf3 {[%clk 1:12:31]} b6 {[%clk 0:57:59]} 18. Rcd1
{[%clk 1:06:58]} Re8 {[%clk 0:49:21]} 19. Bb1 {[%clk 0:59:48]} Ra7
{[%clk 0:43:04]} 20. Bc1 Qa8 {[%clk 0:40:48]} 21. d5 {[%clk 0:48:28]} e5
{[%clk 0:35:13]} 22. Qg3 {[%clk 0:45:06]} Kf8 {[%clk 0:30:32]} 23. Rf1
{[%clk 0:41:00]} Qb7 {[%clk 0:23:21]} 24. a4 {[%clk 0:38:52]} Qc7
{[%clk 0:22:50]} 25. Rde1 {[%clk 0:35:08]} Nc5 {[%clk 0:21:10]} 26. Bc2
{[%clk 0:35:16]} Raa8 {[%clk 0:20:14]} 27. Kh1 {[%clk 0:23:59]} Qc8
{[%clk 0:14:57]} 28. f4 {[%clk 0:21:26]} Ncd7 {[%clk 0:10:34]} 29. Bf5
{[%clk 0:19:09]} Qd8 {[%clk 0:09:46]} 30. Qf3 {[%clk 0:16:16]} Ra7
{[%clk 0:07:44]} 31. Bxd7 {[%clk 0:15:05]} Qxd7 {[%clk 0:03:38]} 32. fxe5
{[%clk 0:15:19]} dxe5 {[%clk 0:04:01]} 33. Rxe5 {[%clk 0:15:35]} Bd6 34. Rf5
{[%clk 0:14:19]} Be5 {[%clk 0:04:04]} 35. Bxh6 {[%clk 0:08:45]} gxh6
{[%clk 0:03:56]} 36. Rxe5 {[%clk 0:08:24]} 1-0

[Event "Hastings Masters"]
[Site "Hastings, England"]
[Date "2014.12.31"
[Round "3.12"]
[White "Armstrong, Malcolm J"]
[WhiteElo "2086"]
[Black "Galyas, Miklos"]
[BlackElo "2428"]
[Result "0-1"]

1. e4 {[%clk 1:40:53]} d6 {[%clk 1:39:00]} 2. d4 {[%clk 1:41:06]} Nf6
{[%clk 1:39:17]} 3. Nc3 {[%clk 1:41:27]} c6 {[%clk 1:39:32]} 4. Nf3
{[%clk 1:41:09]} Bg4 {[%clk 1:39:25]} 5. h3 {[%clk 1:38:39]} Bh5 {[%clk 1:39:45]}
6. Be2 {[%clk 1:36:29]} e6 {[%clk 1:39:34]} 7. O-O {[%clk 1:35:26]} Be7
{[%clk 1:38:31]} 8. Be3 {[%clk 1:34:39]} O-O {[%clk 1:37:43]} 9. Nd2
{[%clk 1:32:08]} Bxe2 {[%clk 1:36:25]} 10. Qxe2 {[%clk 1:32:26]} d5
{[%clk 1:36:23]} 11. a3 {[%clk 1:20:29]} dxe4 {[%clk 1:36:17]} 12. Ndxe4
{[%clk 1:19:30]} Nd5 {[%clk 1:34:13]} 13. Nxd5 {[%clk 1:11:27]} cxd5
{[%clk 1:34:02]} 14. Nd2 {[%clk 1:11:26]} Nc6 {[%clk 1:33:58]} 15. Nf3
{[%clk 1:03:48]} Qc7 {[%clk 1:32:24]} 16. Rfe1 {[%clk 0:55:17]} Rac8
{[%clk 1:27:40]} 17. Rad1 {[%clk 0:51:11]} Na5 {[%clk 1:25:02]} 18. c3
{[%clk 0:49:51]} Nc4 {[%clk 1:25:19]} 19. Bc1 {[%clk 0:46:55]} b5
{[%clk 1:23:00]} 20. Ne5 {[%clk 0:41:45]} Nxe5 {[%clk 1:09:26]} 21. dxe5
{[%clk 0:40:38]} Qc4 {[%clk 1:09:46]} 22. Qxc4 {[%clk 0:35:13]} Rxc4
{[%clk 1:06:46]} 23. Be3 {[%clk 0:35:15]} a5 {[%clk 1:06:47]} 24. Bd4
{[%clk 0:31:54]} Rfc8 {[%clk 1:03:59]} 25. Kf1 {[%clk 0:30:35]} g6
{[%clk 1:03:24]} 26. g3 {[%clk 0:23:50]} Ra4 {[%clk 0:59:34]} 27. Ra1
{[%clk 0:17:04]} Kg7 {[%clk 0:55:01]} 28. Ke2 {[%clk 0:15:23]} Rac4
{[%clk 0:51:37]} 29. Kd3 {[%clk 0:11:07]} R4c6 {[%clk 0:49:37]} 30. Re2
{[%clk 0:08:54]} Bc5 {[%clk 0:48:16]} 31. a4 {[%clk 0:05:10]} Bxd4
{[%clk 0:46:09]} 32. axb5 {[%clk 0:04:54]} Rb6 {[%clk 0:46:27]} 33. cxd4
{[%clk 0:03:26]} Rxb5 {[%clk 0:46:43]} 34. Rc2 {[%clk 0:02:08]} Rcb8
{[%clk 0:45:29]} 35. Ke3 {[%clk 0:00:56]} g5 {[%clk 0:42:37]} 36. Ra3
{[%clk 0:00:43]} h5 {[%clk 0:40:34]} 37. Rcc3 {[%clk 0:00:58]} Rxb2
{[%clk 0:37:13]} 38. Rxa5 {[%clk 0:01:20]} Rb1 {[%clk 0:36:40]} 39. Kf3
{[%clk 0:00:42]} Rd1 {[%clk 0:31:57]} 40. Ra4 {[%clk 0:00:42]} Rb2
{[%clk 0:30:37]} 41. Kg2 {[%clk 0:47:29]} g4 {[%clk 1:19:56]} 42. hxg4
{[%clk 0:43:39]} hxg4 {[%clk 1:20:10]} 0-1

[Event "Hastings Masters"]
[Site "Hastings, England"]
[Date "2014.12.31"
[Round "3.13"]
[White "Kjartansson, Gudmundur"]
[WhiteElo "2451"]
[Black "Norinkeviciute, Rasa"]
[BlackElo "2009"]
[Result "1-0"]

1. c4 {[%clk 1:40:57]} g6 {[%clk 1:40:24]} 2. d4 {[%clk 1:41:07]} Nf6
{[%clk 1:40:16]} 3. Nc3 {[%clk 1:41:31]} d5 {[%clk 1:38:06]} 4. e3
{[%clk 1:41:42]} Bg7 {[%clk 1:37:50]} 5. Qb3 {[%clk 1:42:05]} c6 {[%clk 1:34:08]}
6. Nf3 {[%clk 1:42:24]} O-O {[%clk 1:33:53]} 7. Bd2 {[%clk 1:42:50]} e6
{[%clk 1:20:59]} 8. Bd3 {[%clk 1:39:50]} Nbd7 {[%clk 1:19:51]} 9. Qc2
{[%clk 1:37:13]} dxc4 {[%clk 1:13:01]} 10. Bxc4 {[%clk 1:37:16]} Qc7
{[%clk 1:12:16]} 11. O-O {[%clk 1:18:43]} e5 {[%clk 1:11:12]} 12. Rae1
{[%clk 1:13:40]} b6 {[%clk 1:05:24]} 13. h3 {[%clk 0:51:18]} Bb7 {[%clk 0:55:49]}
14. dxe5 {[%clk 0:49:47]} Nxe5 {[%clk 0:55:48]} 15. Nxe5 {[%clk 0:50:08]} Qxe5
{[%clk 0:56:12]} 16. e4 {[%clk 0:50:03]} Rad8 {[%clk 0:51:58]} 17. Bb3
{[%clk 0:40:38]} Ba6 {[%clk 0:45:16]} 18. f4 {[%clk 0:40:18]} Qd4+
{[%clk 0:42:12]} 19. Be3 {[%clk 0:39:43]} Qd3 {[%clk 0:37:56]} 20. Rf2
{[%clk 0:30:58]} Qd7 {[%clk 0:20:48]} 21. e5 {[%clk 0:30:19]} Nd5
{[%clk 0:18:02]} 22. Nxd5 {[%clk 0:29:40]} cxd5 {[%clk 0:18:28]} 23. Rd2
{[%clk 0:28:13]} Bb7 {[%clk 0:17:46]} 24. Bd4 {[%clk 0:22:55]} Bh6
{[%clk 0:16:29]} 25. Rf2 {[%clk 0:23:08]} Bc8 {[%clk 0:13:53]} 26. g4
{[%clk 0:20:35]} Qe7 {[%clk 0:12:37]} 27. f5 {[%clk 0:19:34]} Qg5
{[%clk 0:09:43]} 28. e6 {[%clk 0:17:26]} fxe6 {[%clk 0:04:35]} 29. fxe6
{[%clk 0:15:58]} Qe7 {[%clk 0:03:53]} 30. Rxf8+ {[%clk 0:13:13]} Bxf8
{[%clk 0:04:01]} 31. Qf2 {[%clk 0:03:15]} Bg7 {[%clk 0:03:21]} 32. Bxg7
{[%clk 0:03:19]} Kxg7 {[%clk 0:03:42]} 33. Qd4+ {[%clk 0:02:58]} Qf6
{[%clk 0:03:24]} 34. Qxf6+ {[%clk 0:03:04]} Kxf6 {[%clk 0:03:49]} 35. e7
{[%clk 0:03:28]} Re8 {[%clk 0:03:37]} 36. g5+ {[%clk 0:03:40]} Kg7
{[%clk 0:01:58]} 37. Ba4 {[%clk 0:03:28]} Kf7 {[%clk 0:02:09]} 38. Bxe8+
{[%clk 0:03:28]} Kxe8 {[%clk 0:02:33]} 39. h4 {[%clk 0:01:43]} Bf5
{[%clk 0:02:49]} 40. Re5 {[%clk 0:01:43]} Be4 {[%clk 0:00:57]} 41. Kf2
{[%clk 0:01:58]} Bb1 {[%clk 0:43:40]} 42. a3 {[%clk 0:51:28]} d4 {[%clk 0:42:21]}
43. Rd5 {[%clk 0:50:34]} Kxe7 {[%clk 0:40:03]} 44. Rxd4 {[%clk 0:50:58]} Bf5
{[%clk 0:36:35]} 45. Ke3 {[%clk 0:51:22]} Bd7 {[%clk 0:30:14]} 46. Kf4
{[%clk 0:51:14]} a5 {[%clk 0:29:33]} 47. Ke5 {[%clk 0:51:31]} Bh3
{[%clk 0:28:06]} 48. Rd6 {[%clk 0:51:39]} b5 {[%clk 0:28:11]} 49. Rb6
{[%clk 0:51:54]} Bd7 {[%clk 0:28:08]} 50. Ra6 {[%clk 0:52:19]} a4
{[%clk 0:28:02]} 51. Ra7 {[%clk 0:52:44]} 1-0

[Event "Hastings Masters"]
[Site "Hastings, England"]
[Date "2014.12.31"
[Round "3.14"]
[White "Sowray, Peter J"]
[WhiteElo "2365"]
[Black "ter Steeg, Marcus, Dr."]
[BlackElo "2000"]
[Result "1-0"]

1. d4 {[%clk 1:40:36]} Nf6 {[%clk 1:40:35]} 2. c4 {[%clk 1:41:00]} Nc6
{[%clk 1:40:34]} 3. Nc3 {[%clk 1:41:22]} e5 {[%clk 1:40:11]} 4. d5
{[%clk 1:41:46]} Ne7 {[%clk 1:40:24]} 5. Nf3 {[%clk 1:42:10]} Ng6
{[%clk 1:39:50]} 6. h4 {[%clk 1:42:26]} h5 {[%clk 1:39:59]} 7. Bg5
{[%clk 1:42:46]} Be7 {[%clk 1:24:25]} 8. e3 {[%clk 1:42:11]} d6 {[%clk 1:14:14]}
9. Bd3 {[%clk 1:41:04]} Nf8 {[%clk 1:06:58]} 10. c5 {[%clk 1:40:26]} N8h7
{[%clk 1:04:08]} 11. Qc2 {[%clk 1:29:44]} Bg4 {[%clk 0:46:30]} 12. cxd6
{[%clk 1:22:45]} cxd6 {[%clk 0:44:30]} 13. Nd2 {[%clk 1:21:51]} a6
{[%clk 0:36:21]} 14. O-O {[%clk 1:14:56]} Rc8 {[%clk 0:22:37]} 15. Qb3
{[%clk 1:12:53]} Qc7 {[%clk 0:22:35]} 16. a4 {[%clk 1:10:26]} Nxg5
{[%clk 0:18:29]} 17. hxg5 {[%clk 1:10:46]} Nd7 {[%clk 0:18:13]} 18. Nde4
{[%clk 1:07:37]} h4 {[%clk 0:16:24]} 19. f3 {[%clk 0:59:49]} Bh5 {[%clk 0:16:38]}
20. Rac1 {[%clk 0:46:34]} Qb8 {[%clk 0:15:41]} 21. Bb1 {[%clk 0:43:36]} f5
{[%clk 0:13:54]} 22. gxf6 {[%clk 0:41:11]} gxf6 {[%clk 0:14:16]} 23. f4
{[%clk 0:35:40]} Rg8 {[%clk 0:11:33]} 24. fxe5 {[%clk 0:33:49]} h3
{[%clk 0:04:27]} 25. Nxf6+ {[%clk 0:27:38]} Bxf6 {[%clk 0:04:20]} 26. exf6
{[%clk 0:28:07]} Rxg2+ {[%clk 0:03:02]} 27. Kh1 {[%clk 0:28:30]} Kf7
{[%clk 0:02:33]} 28. Bf5 {[%clk 0:27:44]} Rc7 {[%clk 0:01:01]} 29. Be6+
{[%clk 0:27:16]} Kf8 {[%clk 0:01:06]} 30. Qb4 {[%clk 0:26:43]} Nc5
{[%clk 0:01:00]} 31. Bxh3 {[%clk 0:21:53]} Rg5 {[%clk 0:00:32]} 32. Qf4
{[%clk 0:21:04]} 1-0

[Event "Hastings Masters"]
[Site "Hastings, England"]
[Date "2014.12.31"
[Round "3.15"]
[White "Slade, Theodore"]
[WhiteElo "1869"]
[Black "Gormally, Daniel W"]
[BlackElo "2499"]
[Result "0-1"]

1. e4 {[%clk 1:40:57]} c5 {[%clk 1:40:33]} 2. Nf3 {[%clk 1:41:16]} d6
{[%clk 1:40:24]} 3. d4 {[%clk 1:41:40]} cxd4 {[%clk 1:40:31]} 4. Nxd4
{[%clk 1:42:02]} Nf6 {[%clk 1:40:18]} 5. f3 {[%clk 1:42:25]} Nc6 {[%clk 1:38:48]}
6. c4 {[%clk 1:42:44]} Qb6 {[%clk 1:34:31]} 7. Nc2 {[%clk 1:43:04]} e6
{[%clk 1:30:27]} 8. Nc3 {[%clk 1:42:07]} Be7 {[%clk 1:30:50]} 9. Be2
{[%clk 1:41:35]} O-O {[%clk 1:30:00]} 10. Rb1 {[%clk 1:41:44]} Rd8
{[%clk 1:20:28]} 11. Be3 {[%clk 1:40:59]} Qc7 {[%clk 1:19:31]} 12. O-O
{[%clk 1:34:26]} b6 {[%clk 1:19:57]} 13. Rc1 {[%clk 1:20:23]} Bb7
{[%clk 1:20:11]} 14. b3 {[%clk 0:58:09]} Rac8 {[%clk 1:11:24]} 15. f4
{[%clk 0:44:33]} Qd7 {[%clk 1:09:44]} 16. Bf3 {[%clk 0:43:43]} Qe8
{[%clk 1:07:59]} 17. Qe2 {[%clk 0:36:18]} Qf8 {[%clk 1:06:46]} 18. Rfd1
{[%clk 0:34:05]} g6 {[%clk 1:02:52]} 19. b4 {[%clk 0:28:11]} Qg7 {[%clk 0:57:58]}
20. g3 {[%clk 0:20:02]} Ne8 {[%clk 0:53:06]} 21. Nb5 {[%clk 0:17:14]} g5
{[%clk 0:50:02]} 22. Kh1 {[%clk 0:16:30]} h6 {[%clk 0:47:58]} 23. Nbd4
{[%clk 0:13:59]} Nxd4 {[%clk 0:44:55]} 24. Nxd4 {[%clk 0:13:34]} Nf6
{[%clk 0:40:29]} 25. e5 {[%clk 0:10:37]} Ne4 {[%clk 0:38:49]} 26. exd6
{[%clk 0:07:31]} Bxd6 {[%clk 0:35:25]} 27. Qg2 {[%clk 0:06:25]} Qg6
{[%clk 0:34:22]} 28. fxg5 {[%clk 0:05:17]} hxg5 {[%clk 0:29:23]} 29. Bxg5
{[%clk 0:05:23]} Re8 {[%clk 0:22:48]} 30. Re1 {[%clk 0:03:02]} f5
{[%clk 0:21:10]} 31. Bd2 {[%clk 0:01:55]} Be5 {[%clk 0:21:05]} 32. Nb3
{[%clk 0:00:35]} Red8 {[%clk 0:19:22]} 33. Bf4 {[%clk 0:00:40]} Bg7
{[%clk 0:17:47]} 34. g4 {[%clk 0:00:42]} Rd3 {[%clk 0:15:40]} 35. gxf5
{[%clk 0:00:39]} Nf2+ {[%clk 0:12:17]} 36. Kg1 {[%clk 0:00:35]} Nh3+
{[%clk 0:12:24]} 37. Kh1 {[%clk 0:00:33]} Qxg2+ {[%clk 0:08:36]} 38. Bxg2
{[%clk 0:01:02]} Bxg2+ {[%clk 0:08:56]} 39. Kxg2 {[%clk 0:01:25]} Nxf4+
{[%clk 0:09:23]} 40. Kf2 {[%clk 0:00:35]} exf5 {[%clk 0:09:41]} 41. c5
{[%clk 0:48:02]} bxc5 {[%clk 0:57:20]} 42. Rxc5 {[%clk 0:47:33]} Rxc5
{[%clk 0:56:17]} 43. bxc5 {[%clk 0:47:38]} Rxb3 {[%clk 0:54:54]} 44. axb3
{[%clk 0:47:57]} Nd3+ {[%clk 0:55:21]} 45. Ke2 {[%clk 0:48:14]} Nxe1
{[%clk 0:55:45]} 46. c6 {[%clk 0:48:14]} Be5 {[%clk 0:56:01]} 0-1

[Event "Hastings Masters"]
[Site "Hastings, England"]
[Date "2014.12.31"
[Round "3.16"]
[White "Stonehouse, Tom H"]
[WhiteElo "1798"]
[Black "Ashton, Adam G"]
[BlackElo "2398"]
[Result "0-1"]

1. e4 c5 2. Nf3 e6 3. Be2 Nc6 4. O-O a6 5. c3 d5 6. exd5 Qxd5 7. d4 Nf6 8. Be3
cxd4 9. cxd4 Be7 10. Nc3 Qd6 11. Rc1 O-O 12. Na4 Nd5 13. Nc5 b6 14. Nd3 Bb7 15.
Qb3 Bf6 16. a4 Rac8 17. Rfd1 Na5 18. Qa2 Nxe3 19. fxe3 Bd5 20. Qb1 Bb3 21. Rxc8
Rxc8 22. Rc1 Rd8 23. Nde5 Ra8 24. Qe4 Bd5 25. Qg4 Nc6 26. e4 Nxd4 27. Nxd4 Qxe5
28. exd5 Qe3+ 0-1

[Event "Hastings Masters"]
[Site "Hastings, England"]
[Date "2014.12.31"
[Round "3.17"]
[White "Waddington, Mike P"]
[WhiteElo "2067"]
[Black "Jackson, James P"]
[BlackElo "2356"]
[Result "0-1"]

1. Nc3 {[%clk 1:41:13]} g6 {[%clk 1:38:47]} 2. e4 {[%clk 1:41:32]} Bg7
{[%clk 1:39:13]} 3. d4 {[%clk 1:41:40]} d6 4. Bg5 a6 {[%clk 1:39:39]} 5. Qd2
{[%clk 1:41:49]} b5 {[%clk 1:39:52]} 6. O-O-O {[%clk 1:41:27]} Bb7
{[%clk 1:39:17]} 7. f3 {[%clk 1:40:05]} Nd7 {[%clk 1:39:27]} 8. h4
{[%clk 1:39:32]} h6 {[%clk 1:30:21]} 9. Be3 {[%clk 1:39:30]} Ngf6
{[%clk 1:28:13]} 10. g4 {[%clk 1:38:32]} Nb6 {[%clk 1:27:51]} 11. Nh3
{[%clk 1:36:54]} Nfd7 {[%clk 1:24:53]} 12. Qg2 {[%clk 1:18:53]} b4
{[%clk 1:19:01]} 13. Nb1 {[%clk 1:11:20]} c5 {[%clk 1:06:19]} 14. Qf2
{[%clk 0:49:34]} Qc7 {[%clk 1:04:17]} 15. Rh2 {[%clk 0:48:38]} Rc8
{[%clk 0:54:53]} 16. h5 {[%clk 0:46:20]} g5 {[%clk 0:55:05]} 17. Ng1
{[%clk 0:43:24]} O-O {[%clk 0:30:41]} 18. Qd2 {[%clk 0:34:12]} cxd4
{[%clk 0:26:40]} 19. Bxd4 {[%clk 0:34:27]} Bxd4 {[%clk 0:25:48]} 20. Qxd4
{[%clk 0:34:52]} d5 {[%clk 0:25:59]} 21. Rhd2 {[%clk 0:31:06]} a5
{[%clk 0:22:54]} 22. exd5 {[%clk 0:30:07]} Bxd5 {[%clk 0:21:15]} 23. Bd3
{[%clk 0:26:32]} Nc5 {[%clk 0:20:46]} 24. Re2 {[%clk 0:22:35]} Bxa2
{[%clk 0:20:58]} 25. Nd2 {[%clk 0:22:51]} Rfd8 {[%clk 0:21:21]} 0-1

[Event "Hastings Masters"]
[Site "Hastings, England"]
[Date "2014.12.31"
[Round "3.18"]
[White "Bates, Richard A"]
[WhiteElo "2349"]
[Black "Wadsworth, Matthew J"]
[BlackElo "2064"]
[Result "1/2-1/2"]

1. d4 Nf6 2. c4 c5 3. d5 e6 4. Nf3 d6 5. Nc3 exd5 6. cxd5 g6 7. h3 a6 8. e4 b5 9.
Bd3 Bg7 10. O-O O-O 11. Bf4 Re8 12. Re1 Bb7 13. Rc1 Qb6 14. Nd2 Nbd7 15. a4 c4
16. Bf1 Nc5 17. Be3 Nfd7 18. axb5 axb5 19. Nxb5 Qxb5 20. Nxc4 Nxe4 21. Nb6 Qxb6
22. Bxb6 Nxb6 23. Bb5 Re5 24. Bc6 Bxc6 25. dxc6 Re6 26. Qd3 d5 27. Red1 Bxb2 28.
Rb1 Na4 29. Qxd5 Nec3 30. Qf3 Nxd1 31. Rxd1 Rc8 32. c7 Rxc7 33. Qa8+ Kg7 34. Qxa4
Rec6 35. Kh2 Be5+ 36. g3 Rc2 37. Kg2 h5 38. Qe8 Bf6 39. Rd3 R2c3 40. Rd6 Rc2 41.
Qe4 R2c5 42. Ra6 Rc8 43. Ra7 1/2-1/2

[Event "Hastings Masters"]
[Site "Hastings, England"]
[Date "2014.12.31"
[Round "3.19"]
[White "Ramstad, Havard"]
[WhiteElo "2063"]
[Black "Mannion, Stephen R"]
[BlackElo "2345"]
[Result "0-1"]

1. d4 {[%clk 1:39:56]} d5 {[%clk 1:40:51]} 2. Nf3 {[%clk 1:39:19]} Nf6
{[%clk 1:41:15]} 3. c4 {[%clk 1:36:55]} dxc4 {[%clk 1:41:30]} 4. e3
{[%clk 1:37:17]} e6 {[%clk 1:41:47]} 5. Bxc4 {[%clk 1:37:40]} c5 {[%clk 1:42:13]}
6. O-O {[%clk 1:37:48]} a6 {[%clk 1:42:30]} 7. Bb3 {[%clk 1:37:13]} b5
{[%clk 1:42:14]} 8. a4 {[%clk 1:36:52]} b4 {[%clk 1:42:31]} 9. Nbd2
{[%clk 1:37:06]} Bb7 {[%clk 1:42:26]} 10. e4 {[%clk 1:36:11]} Be7
{[%clk 1:42:37]} 11. e5 {[%clk 1:36:25]} Nfd7 {[%clk 1:42:18]} 12. Nc4
{[%clk 1:36:18]} O-O {[%clk 1:42:10]} 13. Bc2 {[%clk 1:36:06]} cxd4
{[%clk 1:40:39]} 14. Bf4 {[%clk 1:36:02]} Nc6 {[%clk 1:34:58]} 15. Nxd4
{[%clk 1:35:45]} Nxd4 {[%clk 1:02:13]} 16. Qxd4 {[%clk 1:35:54]} b3
{[%clk 1:02:36]} 17. Bxb3 {[%clk 1:15:23]} Nc5 {[%clk 1:02:55]} 18. Qxd8
{[%clk 1:12:19]} Rfxd8 {[%clk 1:01:25]} 19. Bc2 {[%clk 1:10:53]} Rd4
{[%clk 1:00:20]} 20. Nb6 {[%clk 1:04:33]} Rxf4 {[%clk 0:58:47]} 21. Nxa8
{[%clk 1:04:41]} Bxa8 {[%clk 0:58:42]} 22. a5 {[%clk 0:59:20]} Rb4
{[%clk 0:57:15]} 23. Rfc1 {[%clk 0:39:26]} Bb7 {[%clk 0:53:21]} 24. b3
{[%clk 0:33:16]} g6 {[%clk 0:46:58]} 25. Bd1 {[%clk 0:30:49]} Kf8
{[%clk 0:17:02]} 26. Rc4 {[%clk 0:26:43]} Nd3 {[%clk 0:16:32]} 27. Rxb4
{[%clk 0:06:48]} Bxb4 {[%clk 0:16:45]} 28. Be2 {[%clk 0:06:39]} Bc3
{[%clk 0:12:33]} 29. Ra4 {[%clk 0:05:47]} Nb4 {[%clk 0:11:30]} 30. Bf3
{[%clk 0:03:52]} Bc8 {[%clk 0:04:58]} 31. Bc6 {[%clk 0:03:56]} Ke7
{[%clk 0:05:25]} 32. Kf1 {[%clk 0:02:14]} Nxc6 {[%clk 0:03:51]} 33. Rc4
{[%clk 0:02:16]} Bxa5 {[%clk 0:04:10]} 34. Rxc6 {[%clk 0:02:21]} Bd7
{[%clk 0:04:31]} 35. Rc1 {[%clk 0:01:28]} Bb5+ {[%clk 0:04:09]} 36. Kg1
{[%clk 0:01:45]} Kd7 {[%clk 0:04:13]} 37. h3 {[%clk 0:01:44]} Bb6
{[%clk 0:03:23]} 38. Kh2 {[%clk 0:01:42]} Bxf2 {[%clk 0:03:35]} 39. Rd1+
{[%clk 0:01:18]} Ke7 {[%clk 0:03:40]} 40. Rd2 {[%clk 0:01:03]} Be3
{[%clk 0:03:52]} 41. Rc2 {[%clk 0:49:28]} Bf4+ {[%clk 0:54:01]} 42. g3
{[%clk 0:49:10]} Bxe5 {[%clk 0:54:25]} 43. Kg2 {[%clk 0:48:51]} Bd3
{[%clk 0:48:48]} 44. Rd2 {[%clk 0:46:54]} Be4+ {[%clk 0:48:23]} 45. Kf2
{[%clk 0:46:30]} Bc3 {[%clk 0:48:11]} 46. Re2 {[%clk 0:43:49]} Bd5
{[%clk 0:47:16]} 0-1

[Event "Hastings Masters"]
[Site "Hastings, England"]
[Date "2014.12.31"
[Round "3.20"]
[White "Wallner, Joachim"]
[WhiteElo "2340"]
[Black "Barton, R Alan"]
[BlackElo "2042"]
[Result "1/2-1/2"]

1. Nf3 {[%clk 1:40:34]} d6 {[%clk 1:40:31]} 2. d4 {[%clk 1:38:29]} g6
{[%clk 1:39:47]} 3. e4 {[%clk 1:37:02]} Bg7 {[%clk 1:39:52]} 4. c4
{[%clk 1:31:38]} Nd7 {[%clk 1:39:03]} 5. Nc3 {[%clk 1:31:43]} e5 {[%clk 1:37:12]}
6. Bg5 {[%clk 1:28:34]} Ngf6 {[%clk 1:27:29]} 7. Be2 {[%clk 1:24:07]} h6
{[%clk 1:24:56]} 8. Bh4 {[%clk 1:23:41]} O-O {[%clk 1:22:13]} 9. O-O
{[%clk 1:21:45]} c6 {[%clk 1:19:49]} 10. Qd2 {[%clk 1:16:06]} Qc7
{[%clk 1:14:38]} 11. Rfd1 {[%clk 1:15:12]} Re8 {[%clk 1:14:25]} 12. dxe5
{[%clk 1:15:11]} dxe5 {[%clk 1:14:34]} 13. Ne1 {[%clk 1:12:23]} Kh7
{[%clk 1:12:24]} 14. f3 {[%clk 1:12:21]} Nc5 {[%clk 1:07:14]} 15. Bf2
{[%clk 1:11:51]} Ne6 {[%clk 1:06:52]} 16. c5 {[%clk 1:07:56]} Nd4
{[%clk 1:01:59]} 17. Nc2 {[%clk 1:06:12]} Nxe2+ {[%clk 1:00:39]} 18. Qxe2
{[%clk 1:05:33]} Be6 {[%clk 1:00:27]} 19. Ne3 {[%clk 1:04:53]} Red8
{[%clk 0:55:56]} 20. Nc4 {[%clk 1:02:34]} Ne8 {[%clk 0:56:22]} 21. b4
{[%clk 1:01:38]} Rd4 {[%clk 0:51:07]} 22. Bxd4 {[%clk 1:00:16]} exd4
{[%clk 0:51:34]} 23. Na4 {[%clk 1:00:34]} Rd8 {[%clk 0:49:38]} 24. Rac1
{[%clk 0:57:18]} h5 {[%clk 0:47:09]} 25. Nab2 {[%clk 0:54:42]} h4
{[%clk 0:41:00]} 26. e5 {[%clk 0:52:15]} Bh6 {[%clk 0:39:32]} 27. Ra1
{[%clk 0:50:57]} Qe7 {[%clk 0:37:05]} 28. Nd6 {[%clk 0:49:21]} Be3+
{[%clk 0:34:43]} 29. Kh1 {[%clk 0:48:36]} Ng7 {[%clk 0:31:38]} 30. Nbc4
{[%clk 0:48:06]} Bxc4 {[%clk 0:30:09]} 31. Qxc4 {[%clk 0:46:45]} Rf8
{[%clk 0:27:48]} 32. Rxd4 {[%clk 0:47:01]} Bxd4 {[%clk 0:18:54]} 33. Qxd4
{[%clk 0:47:29]} Nh5 {[%clk 0:17:51]} 34. Re1 {[%clk 0:46:42]} Qg5
{[%clk 0:17:04]} 35. Ne4 {[%clk 0:43:12]} Qe7 {[%clk 0:15:18]} 36. f4
{[%clk 0:40:03]} Ng7 {[%clk 0:10:58]} 37. Rd1 {[%clk 0:37:24]} Ne6
{[%clk 0:09:16]} 38. Qf2 {[%clk 0:37:42]} Kg7 {[%clk 0:08:46]} 39. Nf6
{[%clk 0:36:44]} Rd8 {[%clk 0:04:56]} 40. Rd6 {[%clk 0:37:06]} Rh8
{[%clk 0:02:48]} 41. Rd7 {[%clk 0:36:31]} Qf8 {[%clk 0:02:36]} 42. Rxb7
{[%clk 0:36:45]} Qa8 {[%clk 0:02:03]} 43. Rd7 {[%clk 0:36:37]} Qb8
{[%clk 0:02:00]} 44. Qd2 {[%clk 0:36:09]} Qb5 {[%clk 0:48:04]} 45. Kg1
{[%clk 1:17:35]} Qc4 {[%clk 0:47:36]} 46. Rxa7 {[%clk 1:13:41]} Nxf4
{[%clk 0:42:57]} 47. h3 {[%clk 1:12:12]} Ne2+ {[%clk 0:41:15]} 48. Kf2
{[%clk 1:02:36]} Ng3 {[%clk 0:41:08]} 49. Kf3 {[%clk 0:57:51]} Qf1+
{[%clk 0:39:10]} 50. Ke3 {[%clk 0:57:52]} Nf5+ {[%clk 0:34:26]} 51. Ke4
{[%clk 0:58:04]} Qc4+ {[%clk 0:27:33]} 52. Kf3 {[%clk 0:58:33]} Qf1+
{[%clk 0:26:32]} 53. Ke4 {[%clk 0:56:31]} Qc4+ {[%clk 0:24:42]} 54. Kf3
{[%clk 0:56:59]} Qf1+ {[%clk 0:23:54]} 55. Ke4 {[%clk 0:54:48]} Qc4+ 1/2-1/2